000 00427nam a2200157Ia 4500
005 20250519010227.0
008 240331s9999 xx 000 0 und d
082 _a300.3
_bSAM
100 _aDeparment of Education
245 0 _aSamaja viddyawa saha manawa vddyawa :
_bglossary of technical terms
260 _aColombo
_bEducation Press
_c1993
300 _a154 p .,
650 _aSociology
650 _aAnthropology
942 _cL
999 _c988
_d988